000 00588nam a22001817a 4500
005 20251108175211.0
008 250721s1997 xx 000 0 ara d
082 1 4 _a956.042/رزق
100 1 _aرزق الله، رالف
245 1 0 _aيوم الدم :
_bمشهدية عاشوراء في جبل عامل /
264 1 _aبيروت _ لبنان :
_bدار الطليعة للطباعة والنشر،
_c1997.
300 _a207ص.
650 1 7 _aالتاريخ الاسلامي
650 1 7 _aالشيعة
653 _aيوم عاشوراء
942 _2ddc
_cBK
999 _c128550
_d128550